000 00437cam a2200181ua 4500
001 2035
008 110806n ii |||gr||||Z||||||asm
040 _cMAIN
082 _a370.1
100 _aBaruah, Jatin,
245 1 _aShiksha tattva adhyayan
_cby jatin Baruah
250 _a4th.
260 _aGuahati:
_bLawyers book stall,996.
300 _a470p:
_c23cm.
653 _aEducction
653 _aShiksha tattva adhyayan
942 _cBK
999 _c1906
_d1906